00800cam a2200205 4500008004100000020001800041035001200059050002600071110004300097245018000140250001200320260004500332300003300377506001900410506001500429504004700444650003600491700002500527700004200552030820s2001 sp a 000 0 spa u a84-7114-943-5 aa43127400aSB608 .T66 bP53 20012 aThe American Phytopathological Society10aPlagas y enfermedades del tomate /cThe American Phytopatological society ; J. B. Jones ... [ et al. ] , tr. María del Mar Jiménez Gasco ; Rev. Rafael M. Jiménez Díaz. a2a. ed. aMadrid, España :bMundi-Prensa, c2001 aVIII, 74 p. :bil. ;c28 cm. aAgrobiología aFomes 2001 aIncluye Bibliografías, glosario e indice10aTomates xEnfermedades y plagas1 aJones, J. B., coaut.1 aJiménez Gasco, María del Mar, tr.